000 00482 a2200145 4500
005 20250626154336.0
020 _a0-07-086268-0
082 _a658PAR
111 _aInstruction's Manual to accompany Management in Canada: The Competitive Challenges,
245 _aInstructors Manual to Accompany Management in Canada: The Competitive Challenges
260 _aNew York,
_bMcGraw- Hill,
_c2000.
300 _axi, 228p,: ill.;
_c27cm
700 _aPARTRIDGE, B. et al.
942 _2ddc
_cBKS
999 _c5430
_d5430